Formula 1: 1985 Pole Sitters - Statistics

General Stats
  • This quiz has been taken 3 times
  • The average score is 13 of 16
Answer Stats
Grand Prix Country Pole % Correct
Austria France Alain Prost
100%
Belgium France Alain Prost
100%
Portugal Brazil Ayrton Senna
100%
San Marino Brazil Ayrton Senna
100%
Monaco Brazil Ayrton Senna
100%
Detroit (USA) Brazil Ayrton Senna
100%
Italy Brazil Ayrton Senna
100%
Europe (UK) Brazil Ayrton Senna
100%
Australia Brazil Ayrton Senna
100%
France Finland Keke Rosberg
100%
United Kingdom Finland Keke Rosberg
100%
Netherlands Brazil Nelson Piquet
100%
South Africa United Kingdom Nigel Mansell
50%
Canada Italy Elio de Angelis
0%
Brazil Italy Michele Alboreto
0%
Germany Italy Teo Fabi
0%
No matching quizzes found
Score Distribution
Percent of People with Each Score
Percentile by Number Answered
Your Score History
You have not taken this quiz